| 000 | 03391nam a22003377a 4500 | ||
|---|---|---|---|
| 001 | TIGAL 0084 | ||
| 003 | gtcocun | ||
| 005 | 20250917181627.0 | ||
| 006 | a||||gr|||| 00| 0 | ||
| 007 | ta | ||
| 008 | 250917b2024 gt ||||| m||| 00| 0 eng d | ||
| 040 |
_agtcocun _bSPA _cgtcocun _eRDA |
||
| 041 | _aSPA TIGAL 0084 | ||
| 084 | _0TIGAL 0084 | ||
| 100 |
_aStraube Rodas, Carlos Cristopher _eAutor |
||
| 245 |
_aEVALUACIÓN DE LA CALIDAD DEL AGUA MEDIANTE EL ÍNDICE SIMPLIFICADO DE CALIDAD DE AGUA (ISQA) Y EL ÍNDICE BIÓTICO BMWP (BIOLOGICAL MONITORING WORKING PARTY BMWP-CR), EN LA MICRO CUENCA DEL RÍO CANLICH DEL MUNICIPIO DE SAN PEDRO CARCHÁ, DEPARTAMENTO DE ALTA VERAPAZ/ _cCarlos Cristopher Straube Rodas. _hImpreso |
||
| 264 |
_aCobán, Alta Verapaz: _bUniversidad de San Carlos de Guatemala, Centro Universitario del Norte, Carrera de Ingeniería en Gestión Ambiental Local _c2024 |
||
| 300 |
_a105 p.: _bIlustraciones, gráficas. _c28 cm; |
||
| 300 | _cPDF | ||
| 336 |
_2rdacontenido _aTexto _btxt |
||
| 337 |
_2rdamedio _aComputadora _bn |
||
| 338 |
_2rdasoporte _aCódigo en línea _bcr |
||
| 502 | _eTIGAL 0084 | ||
| 502 |
_aTesis de grado _bCarrera de Ingeniería en Gestión Ambiental Local, _cUniversidad de San Carlos de Guatemala, Centro Universitario del Norte, Carrera de Ingeniería en Gestión Ambiental Local _d2024 _oTIGAL 0084 |
||
| 520 | 1 | 4 | _aEn el presente estudio se realizó un monitoreo del agua de la microcuenca del río Canlich, ubicado en el municipio de San Pedro Carchá, departamento de Alta Verapaz, cuyo objetivo fue evaluar la calidad del agua de la microcuenca, mediante el índice biótico Biological Monitoring Working Party (BMWP-CR) basados en macroinvertebrados bentónicos y el índice simplificado de calidad de agua (ISQA), para determinar las condiciones físico-químicas y biológicas del agua. Se establecieron dos puntos de muestreo representativos de la parte alta y la parte baja de la microcuenca, los muestreos se llevaron a cabo en dos épocas del año, un día a la semana por cinco semanas consecutivas en época seca (mayo) y en época lluviosa (junio, julio), para comprobar la influencia estacional en la calidad del agua en el río Canlich. El estudio tuvo un carácter cuantitativo a la hora de evaluar la calidad del agua mediante el índice fisicoquímico ISQA y cualitativo al aplicar el índice biótico BMWP. Se comparó la influencia que tienen las épocas estacionales en la calidad del agua por medio de porcentajes de mejora o deterioro del mismo. Se observó cómo afecta el cambio de estación a la calidad del agua por medio del índice simplificado de calidad del agua (ISQA) donde se obtiene un aumento de la calidad del agua al pasar de época seca a época lluviosa. Se observó deterioro de la calidad del agua en la época seca a la húmeda en las partes alta y baja de la microcuenca. La cual se evaluó mediante indicadores biológicos. |
| 650 | 1 | 4 |
_2LEMB _aCarchá, Alta Verapaz _xIngeniería en Gestión Ambiental Local _xÍndice biótico _xBiológicas _xMuestreo _xCalidad del agua _xÉpoca seca |
| 700 |
_aIng. Agr. Julio Oswaldo Méndez Morales _eAsesor |
||
| 856 |
_uhttps://drive.google.com/file/d/12O6Dwe75s9_menVUwTgSr-2YtQWP2Y0J/view _yPDF _zUn ejemplar en línea. |
||
| 942 |
_2ddc _cTES _iTIGAL 0084 _kClasificación _n0 _6TIGAL_0084_000000000000000 |
||
| 999 |
_c1894 _d1894 |
||